| 000 | 00415cam a2200169ua 4500 | ||
|---|---|---|---|
| 003 | OSt | ||
| 008 | 250502b |||||||| |||| 00| 0 eng d | ||
| 041 | _aeng | ||
| 082 |
_a624.1517 _bMID/TR |
||
| 100 |
_aMiddleton, . _97437 |
||
| 245 | _aTreatise on surveying / | ||
| 250 | _a6 / | ||
| 260 |
_aMumbai : _bAsia Publishing House , _c1962. |
||
| 300 | _a427 ; . | ||
| 700 | 1 |
_aChadwicks, . _97438 |
|
| 942 | _cBK | ||
| 999 |
_c9185 _d9185 |
||